| 000 | 00890nam0a22002651 4500 | ||
|---|---|---|---|
| 001 | rc\3675241 | ||
| 005 | 20250610060621.0 | ||
| 035 | _a(NLR Aleph) 007747963 | ||
| 090 |
_a7232285 _c7232285 |
||
| 100 | _a20130115d1970 |||y0rusy50 ca | ||
| 101 | 0 | _arus | |
| 102 | _aRU | ||
| 105 | _aach z ||||| | ||
| 200 | 1 | _aЛенинская "Искра" в Кишиневе | |
| 210 |
_aКишинев _cКартя молдовеняскэ _d1970 |
||
| 215 |
_a259 с. _cил., портр., факс. _d13 |
||
| 300 | _aНа обл. авт. не указаны | ||
| 532 | 1 | 3 | _aЛенинская Искра в Кишиневе |
| 700 | 1 |
_aКоролев _bК.В. _gКонстантин Васильевич |
|
| 701 | 1 |
_aКазаков _bВ.Г. _gВиктор Григорьевич |
|
| 801 | 0 |
_aRU _bNLR _gpsbo |
|
| 801 | 1 |
_aRU _bELAR _2rusmarc |
|
| 852 |
_aNLR _j69-1/948 |
||
| 942 | _cBOOK | ||
| 980 | _aNB | ||